[Event "Lichtenberger Sommer 2017"]
[Site "Berlin"]
[Date "2017.08.27"]
[Round "9.52"]
[White "Otter, Nils"]
[Black "Lange, Cecilia"]
[Result "0-1"]
[WhiteElo "1759"]
[BlackElo "1886"]
[PlyCount "88"]
[EventDate "2017.??.??"]
[WhiteTeam "Admira Villach"]
[BlackTeam "TSG Oberschöneweide"]

1. e4 e6 2. Nf3 d5 3. e5 c5 4. b4 cxb4 5. d4 Nc6 6. a3 bxa3 7. c3 Nge7 8. Nxa3
a6 9. Bd3 Bd7 10. h4 Na5 11. Ng5 h6 12. Qh5 g6 13. Nxf7 Kxf7 14. Qf3+ Kg8 15.
h5 Qe8 16. hxg6 Bg7 17. Qh5 Nb3 18. Rb1 Nxc1 19. Rxc1 Rc8 20. Kd2 Qf8 21. Qh4
Nf5 22. Bxf5 Qxf5 23. f4 h5 24. Nc2 Qxg6 25. Ne3 Bh6 26. g3 Bb5 27. c4 Bxc4 28.
Rc3 Qe4 29. f5 Bxe3+ 30. Rxe3 Qxf5 31. g4 Qf4 32. gxh5 Qxh4 33. Rxh4 Kh7 34.
Rf4 Rhf8 35. Rf6 Rxf6 36. exf6 Re8 37. Rg3 Kh6 38. Ke3 Rf8 39. Kf4 Rxf6+ 40.
Ke5 Rf2 41. Kxe6 Kxh5 42. Kd6 b5 43. Kc5 a5 44. Kb6 b4 0-1

[Event "Lichtenberger Sommer 2017"]
[Site "Berlin"]
[Date "2017.08.27"]
[Round "9.53"]
[White "Schmidt, Jürgen"]
[Black "Wolff, Marie Antoinette"]
[Result "1-0"]
[WhiteElo "1952"]
[BlackElo "1778"]
[PlyCount "53"]
[EventDate "2017.??.??"]
[WhiteTeam "SC Kreuzberg"]
[BlackTeam "Leegebrucher SF"]

1. e4 c5 2. Nf3 Nc6 3. d4 cxd4 4. Nxd4 d6 5. Nc3 Nf6 6. Bc4 e6 7. O-O Be7 8.
Be3 O-O 9. Bb3 a6 10. a4 Qc7 11. Kh1 Rd8 12. f4 Nxd4 13. Bxd4 e5 14. Bg1 Be6
15. Nd5 Bxd5 16. exd5 Rac8 17. a5 Qd7 18. f5 b5 19. axb6 Qb7 20. Qe2 Nxd5 21.
Qe4 Rc5 22. Bxc5 dxc5 23. Rad1 Qxb6 24. Rxd5 Rb8 25. Rxe5 Bf8 26. Bxf7+ Kxf7
27. Qd5+ 1-0

[Event "Lichtenberger Sommer 2017"]
[Site "Berlin"]
[Date "2017.08.27"]
[Round "9.54"]
[White "Muskewitz, Bernd"]
[Black "Bender, Sebastian"]
[Result "1/2-1/2"]
[WhiteElo "1923"]
[BlackElo "1876"]
[PlyCount "142"]
[EventDate "2017.??.??"]
[WhiteTeam "SV Mattnetz Berlin"]
[BlackTeam "SC Zugzwang 95 (Berlin)"]

1. e4 c5 2. Nf3 e6 3. c3 Nf6 4. e5 Nd5 5. d4 cxd4 6. cxd4 d6 7. Nc3 dxe5 8.
Nxe5 Bb4 9. Bd2 O-O 10. Bd3 Nf6 11. Bg5 Be7 12. O-O Nc6 13. Nxc6 bxc6 14. Qf3
Rb8 15. b3 Qa5 16. Ne4 Nd5 17. Bxe7 Nxe7 18. Qg3 Ba6 19. Bxa6 Qxa6 20. Nf6+ Kh8
21. Nd7 Nf5 22. Qf4 Rbd8 23. Nxf8 Rxf8 24. Rfd1 Qb7 25. Rac1 Re8 26. Rc4 h6 27.
Rdc1 Qa6 28. Qc7 Rc8 29. Qxf7 Nd6 30. Qxe6 Nxc4 31. Rxc4 Rd8 32. Qe7 Rd5 33.
Qe8+ Kh7 34. g3 Qxa2 35. Qe4+ Kg8 36. Qe6+ Kh7 37. Rxc6 Qb1+ 38. Kg2 Rxd4 39.
Rc5 Rb4 40. Rc7 Qg6 41. Qd5 a6 42. Rc6 Qb1 43. Rxa6 Rxb3 44. Ra8 Rb8 45. Ra7
Qg6 46. Rc7 Rf8 47. Qe5 Qf6 48. Qxf6 Rxf6 49. h4 h5 50. f3 Ra6 51. g4 hxg4 52.
fxg4 Ra3 53. h5 Rb3 54. Rf7 Kh6 55. Rc7 Kh7 56. Re7 Kh6 57. Re6+ Kh7 58. Kf2
Ra3 59. Re3 Ra4 60. Kf3 Ra6 61. g5 Rb6 62. Kf4 Ra6 63. Kf5 Ra5+ 64. Re5 Ra1 65.
Ke6 Rh1 66. Kf7 Rf1+ 67. Ke7 Ra1 68. g6+ Kh6 69. Kf7 Ra7+ 70. Kf8 Ra8+ 71. Kf7
Ra7+ 1/2-1/2

[Event "Lichtenberger Sommer 2017"]
[Site "Berlin"]
[Date "2017.08.27"]
[Round "9.55"]
[White "Dreke, Frank"]
[Black "Jansen, Robert"]
[Result "1-0"]
[WhiteElo "1958"]
[BlackElo "1783"]
[PlyCount "113"]
[EventDate "2017.??.??"]
[WhiteTeam "SV Mattnetz Berlin"]
[BlackTeam "SC Kreuzberg"]

1. e4 e5 2. Nf3 Nc6 3. d4 exd4 4. Nxd4 Bc5 5. Be3 Qf6 6. c3 Nge7 7. Nc2 Bxe3 8.
Nxe3 O-O 9. Be2 Qg6 10. Nd2 d6 11. O-O f5 12. Nd5 Nxd5 13. exd5 Ne5 14. f4 Ng4
15. Bxg4 fxg4 16. g3 Bf5 17. Nb3 Rfe8 18. Nd4 Bd7 19. Qb3 Qd3 20. f5 Re3 21.
Rf2 Rae8 22. Ne6 Bb5 23. Qc2 Qxc2 24. Rxc2 Bd3 25. Rf2 Re7 26. f6 gxf6 27. Rxf6
Rf3 28. Rxf3 gxf3 29. Rd1 Bc4 30. Kf2 Bxa2 31. Nf4 Bc4 32. Kxf3 Kf7 33. Rd4 Bb3
34. Rb4 Bd1+ 35. Kf2 b6 36. Ne6 Bc2 37. Rc4 Bb3 38. Rxc7 Bxd5 39. Ng5+ Ke8 40.
Rxe7+ Kxe7 41. Nxh7 Ke6 42. Ke3 Kf5 43. h4 Bg8 44. Ng5 a6 45. Kd4 d5 46. Nh3
Kg4 47. Nf4 Kxg3 48. Nxd5 b5 49. Nf6 Bb3 50. h5 Bc2 51. h6 Kf3 52. h7 Bxh7 53.
Nxh7 Ke2 54. b4 Kd2 55. Ng5 Kc2 56. Ne6 Kb3 57. Nc7 1-0

[Event "Lichtenberger Sommer 2017"]
[Site "Berlin"]
[Date "2017.08.27"]
[Round "9.56"]
[White "Woinowski, Michael"]
[Black "Nabel, Matthias"]
[Result "0-1"]
[WhiteElo "1761"]
[BlackElo "1940"]
[PlyCount "118"]
[EventDate "2017.??.??"]
[WhiteTeam "SC Kreuzberg"]
[BlackTeam "SV Motor Wildau"]

1. e4 c5 2. Nc3 Nc6 3. Bb5 Nd4 4. Bc4 e6 5. Nge2 Qc7 6. d3 a6 7. Nxd4 cxd4 8.
Ne2 b5 9. Bb3 Bc5 10. f4 Ne7 11. O-O Bb7 12. Ng3 Nc6 13. Qh5 Na5 14. f5 Nxb3
15. axb3 g6 16. fxg6 fxg6 17. Qg5 Be7 18. Bf4 Bxg5 19. Bxc7 Rc8 20. Be5 Be3+
21. Kh1 Rf8 22. Rxf8+ Kxf8 23. Rf1+ Kg8 24. c4 dxc3 25. bxc3 Rf8 26. Rf3 Rxf3
27. gxf3 a5 28. c4 a4 29. bxa4 bxa4 30. Nf1 Bc1 31. Ng3 Kf7 32. Ne2 Bd2 33. Nc3
Bc6 34. Nb5 Bb4 35. Bc3 Bxc3 36. Nxc3 a3 37. Na2 Ba4 38. Nc1 Bc2 39. d4 Bb1 40.
Nb3 Ba2 41. Na1 Bxc4 42. Kg2 Kf6 43. h4 g5 44. hxg5+ Kxg5 45. Kg3 d5 46. f4+
Kf6 47. exd5 exd5 48. Kf3 a2 49. Ke3 Kf5 50. Kf3 h5 51. Kg3 Ke4 52. Nc2 Bb3 53.
Na1 Bd1 54. f5 Kxf5 55. Kf2 Ke4 56. Ke1 Ba4 57. Kd2 Kxd4 58. Kc1 h4 59. Kb2 h3
0-1

[Event "Lichtenberger Sommer 2017"]
[Site "Berlin"]
[Date "2017.08.27"]
[Round "9.57"]
[White "Plaza Reino, Mercedes"]
[Black "Kohlmeyer, Dagobert"]
[Result "1-0"]
[WhiteElo "1824"]
[BlackElo "1888"]
[PlyCount "79"]
[EventDate "2017.??.??"]
[WhiteTeam "Enniscorthy Chess Club"]
[BlackTeam "SC Rochade (Berlin)"]

1. f4 e5 2. fxe5 d6 3. exd6 Bxd6 4. Nf3 Nf6 5. d4 O-O 6. Bg5 Re8 7. Nbd2 h6 8.
Bxf6 Qxf6 9. e4 Bg4 10. c3 Nd7 11. Bd3 c5 12. O-O cxd4 13. cxd4 Bf4 14. Nb3
Be3+ 15. Kh1 Qb6 16. Bc2 Bh5 17. Qe1 Bxf3 18. Qxe3 Bg4 19. Rae1 Bh5 20. Qh3 Nf6
21. e5 Bg4 22. Qg3 Rac8 23. Bb1 h5 24. exf6 Rxe1 25. Qxe1 g6 26. Qe7 Qc7 27.
Qxc7 Rxc7 28. Be4 b6 29. Kg1 Rd7 30. Kf2 Rd6 31. Ke3 Bd7 32. Rc1 a5 33. Rf1 Bb5
34. Rf2 a4 35. Nc1 Re6 36. d5 Re8 37. Kd4 Rc8 38. Rc2 Re8 39. b3 a3 40. Bd3 1-0

[Event "Lichtenberger Sommer 2017"]
[Site "Berlin"]
[Date "2017.08.27"]
[Round "9.58"]
[White "Rehmsmeier, Marc"]
[Black "Wachtel, Arthur"]
[Result "1-0"]
[WhiteElo "1698"]
[BlackElo "1803"]
[PlyCount "57"]
[EventDate "2017.??.??"]
[WhiteTeam "vereinslos"]
[BlackTeam "SK Freising"]

1. d4 g6 2. c4 Bg7 3. Nf3 d6 4. e4 e5 5. Nc3 Bg4 6. d5 Ne7 7. Be2 O-O 8. O-O
Bc8 9. Re1 f5 10. Ng5 h6 11. Ne6 Bxe6 12. dxe6 Rf6 13. c5 fxe4 14. Bc4 Rf8 15.
cxd6 cxd6 16. Rxe4 Nbc6 17. a3 Nd4 18. Be3 Rc8 19. Ba2 a6 20. Rg4 Kh7 21. Qd3
Nef5 22. Bxd4 exd4 23. Nd5 Bf6 24. Re1 Re8 25. g3 h5 26. Rxg6 Kxg6 27. Nf4+ Kg7
28. Qxf5 Bg5 29. Qf7+ 1-0

[Event "Lichtenberger Sommer 2017"]
[Site "Berlin"]
[Date "2017.08.27"]
[Round "9.59"]
[White "Karyah, Thomas"]
[Black "Keusch, Horst"]
[Result "1-0"]
[WhiteElo "1664"]
[BlackElo "1976"]
[PlyCount "39"]
[EventDate "2017.??.??"]
[WhiteTeam "SC Zugzwang 95 (Berlin)"]
[BlackTeam "SC Eintracht Berlin"]

1. e4 e6 2. d4 d5 3. exd5 exd5 4. Nf3 Bd6 5. Be2 Ne7 6. Nc3 c6 7. O-O O-O 8.
Bd3 Bf5 9. Re1 Nd7 10. Rxe7 Bxd3 11. Rxd7 Qxd7 12. Qxd3 Rae8 13. Be3 f5 14. Ne5
Bxe5 15. dxe5 Rxe5 16. f4 Re6 17. Bxa7 Qe7 18. Bd4 Qh4 19. Qg3 Qh5 20. Qxg7#
1-0

[Event "Lichtenberger Sommer 2017"]
[Site "Berlin"]
[Date "2017.08.27"]
[Round "9.60"]
[White "Kötz, Andreas"]
[Black "Fock, Sana"]
[Result "0-1"]
[WhiteElo "1997"]
[BlackElo "1584"]
[PlyCount "88"]
[EventDate "2017.??.??"]
[WhiteTeam "SC Zitadelle Spandau"]
[BlackTeam "SC Zugzwang 95 (Berlin)"]

1. d4 d5 2. c4 e6 3. Nf3 Nf6 4. g3 Bb4+ 5. Nc3 O-O 6. Bg2 c6 7. a3 Be7 8. O-O
Nbd7 9. b3 b6 10. Qc2 Ba6 11. Rd1 Rc8 12. e4 dxc4 13. b4 b5 14. Bf4 Bb7 15. h3
a6 16. g4 Nb6 17. Bg5 Nfd7 18. Bxe7 Qxe7 19. e5 Nd5 20. Ne4 Nf4 21. Nfg5 Ng6
22. Re1 h6 23. Nf3 Nb6 24. g5 h5 25. Qd2 Nd5 26. Nf6+ gxf6 27. gxf6 Nxf6 28.
exf6 Qxf6 29. Qh6 Qg7 30. Qe3 Rcd8 31. Kh2 Qf6 32. Bh1 Qf4+ 33. Qxf4 Nxf4 34.
Re5 f6 35. Re4 Nd3 36. Rh4 Kf7 37. Rxh5 Rh8 38. Rxh8 Rxh8 39. h4 Nxf2 40. Rf1
Nxh1 41. Ne5+ Ke8 42. Ng6 Rh6 43. Rxf6 Nf2 44. Rxe6+ Kf7 0-1

[Event "Lichtenberger Sommer 2017"]
[Site "Berlin"]
[Date "2017.08.27"]
[Round "9.61"]
[White "Reck, Jessica"]
[Black "Acikel, Mert"]
[Result "0-1"]
[WhiteElo "1730"]
[BlackElo "1914"]
[PlyCount "86"]
[EventDate "2017.??.??"]
[WhiteTeam "SK König Tegel"]
[BlackTeam "SK König Tegel"]

1. e4 e5 2. Nf3 Nc6 3. Bc4 Bc5 4. d3 Nf6 5. c3 O-O 6. O-O d6 7. a4 a6 8. Nbd2
h6 9. h3 Be6 10. b4 Ba7 11. Bb3 Bxb3 12. Nxb3 Re8 13. b5 axb5 14. axb5 Ne7 15.
Na5 Bb6 16. Nb3 Rxa1 17. Nxa1 Ng6 18. c4 Nh5 19. Be3 Bxe3 20. fxe3 Nf6 21. Nc2
c6 22. bxc6 bxc6 23. Qb1 Qc7 24. Qa2 Rb8 25. Nd2 Ne7 26. Rb1 Rxb1+ 27. Qxb1 d5
28. exd5 cxd5 29. cxd5 Nexd5 30. Qb3 Ne7 31. Nc4 Nf5 32. Qb5 Nd7 33. Nb4 Nd6
34. Nxd6 Qxd6 35. Na6 Kh7 36. Kf2 Qf6+ 37. Ke2 Qe6 38. Nc7 Qd6 39. Nd5 Nf8 40.
Qc4 Ne6 41. Qe4+ Kg8 42. d4 exd4 43. exd4 Qxd5 0-1

[Event "Lichtenberger Sommer 2017"]
[Site "Berlin"]
[Date "2017.08.27"]
[Round "9.62"]
[White "Badestein, Hartmut"]
[Black "Schauties, Nico Antonio"]
[Result "0-1"]
[WhiteElo "2046"]
[BlackElo "1690"]
[PlyCount "66"]
[EventDate "2017.??.??"]
[WhiteTeam "SC Friesen Lichtenberg"]
[BlackTeam "SV Mattnetz Berlin"]

1. e4 e6 2. d3 d5 3. Nd2 Nf6 4. g3 b6 5. Bg2 Bb7 6. Qe2 c5 7. e5 Nfd7 8. Ngf3
Nc6 9. O-O Qc7 10. Re1 Be7 11. h4 O-O-O 12. Nf1 h6 13. N1h2 Rde8 14. Bh3 Nd8
15. h5 g5 16. Ng4 Kb8 17. c3 Ba6 18. Bf1 f5 19. exf6 Nxf6 20. Nxf6 Bxf6 21. Nh2
Nc6 22. Ng4 Bg7 23. Bg2 Bb7 24. Bd2 Qf7 25. Ne3 Rhf8 26. Nc2 d4 27. cxd4 Bxd4
28. Nxd4 Nxd4 29. Qe5+ Ka8 30. f4 Bxg2 31. Kxg2 Qb7+ 32. Re4 Rf5 33. Qd6 Nb5
0-1

[Event "Lichtenberger Sommer 2017"]
[Site "Berlin"]
[Date "2017.08.27"]
[Round "9.63"]
[White "Ros Gorne, Ramon"]
[Black "Landt, Stefan"]
[Result "0-1"]
[WhiteElo "1645"]
[BlackElo "1913"]
[PlyCount "155"]
[EventDate "2017.??.??"]
[WhiteTeam "Sant Boi de Llobregat"]
[BlackTeam "SV Berolina Mitte"]

1. e4 c6 2. d4 d5 3. e5 Bf5 4. Nf3 e6 5. Bd3 Bxd3 6. Qxd3 c5 7. c3 Nc6 8. O-O
Nge7 9. Bg5 Qb6 10. dxc5 Qxb2 11. Nbd2 Qa3 12. Rfb1 Rb8 13. Rb5 a6 14. Rb3 Qa5
15. Rab1 Qc7 16. Bf4 Ng6 17. Bg3 Bxc5 18. h4 O-O 19. h5 Ngxe5 20. Nxe5 Nxe5 21.
Qe2 Bd6 22. Rb6 Nc4 23. Bxd6 Nxd6 24. Qe5 Nb5 25. Qxc7 Nxc7 26. Rxb7 Rxb7 27.
Rxb7 Nb5 28. c4 Nd6 29. Rb6 Nxc4 30. Nxc4 dxc4 31. Rc6 h6 32. a4 a5 33. Rxc4
Rd8 34. g4 Kf8 35. f4 Rd5 36. Kf2 Rd3 37. Rc5 Rd5 38. Rc4 Ke7 39. Ke3 Kd6 40.
Rc8 Ke7 41. Rc2 Rd7 42. Rc5 Rd5 43. Rc2 Kf6 44. Rc4 g6 45. hxg6 fxg6 46. Rc1 e5
47. Rc6+ Kf7 48. fxe5 Rxe5+ 49. Kf4 Rd5 50. Ke4 Rg5 51. Kf4 Ke7 52. Rc4 Kd6 53.
Kf3 Rc5 54. Rf4 Rc3+ 55. Ke2 Ke5 56. Rf8 Rc4 57. Rh8 Rxa4 58. Rxh6 Rxg4 59. Kf3
Kf5 60. Rh8 Rb4 61. Ra8 Rb3+ 62. Kf2 Ra3 63. Ke2 g5 64. Kf2 Kf4 65. Rf8+ Kg4
66. Ra8 a4 67. Kg2 Ra2+ 68. Kf1 Kg3 69. Rg8 g4 70. Ra8 Rf2+ 71. Kg1 Ra2 72. Kf1
a3 73. Ra7 Ra1+ 74. Ke2 Kg2 75. Rg7 g3 76. Ra7 a2 77. Ra8 Rf1 78. Ke3 0-1

[Event "Lichtenberger Sommer 2017"]
[Site "Berlin"]
[Date "2017.08.27"]
[Round "9.64"]
[White "Willich, Manfred"]
[Black "Pixa, Ulrich"]
[Result "1-0"]
[WhiteElo "1961"]
[BlackElo "1598"]
[PlyCount "59"]
[EventDate "2017.??.??"]
[WhiteTeam "SK Turm Bad Hersfeld"]
[BlackTeam "SV Mattnetz Berlin"]

1. d4 Nf6 2. c4 e6 3. g3 d5 4. Nd2 b6 5. Bg2 Bb7 6. Ngf3 Nbd7 7. O-O c5 8. Re1
Be7 9. b3 O-O 10. Bb2 Rc8 11. e3 cxd4 12. exd4 Bb4 13. Rc1 dxc4 14. bxc4 Ne4
15. Rxe4 Bxe4 16. Nxe4 Qe7 17. Qb3 Rfd8 18. a3 Bd6 19. Nxd6 Qxd6 20. Ng5 Nf6
21. Qf3 Rc7 22. Ne4 Nxe4 23. Qxe4 f6 24. Bh3 Re7 25. Re1 Rde8 26. Qf3 Rc8 27.
Qb3 Rce8 28. a4 Rc7 29. d5 e5 30. Ba3 1-0

[Event "Lichtenberger Sommer 2017"]
[Site "Berlin"]
[Date "2017.08.27"]
[Round "9.65"]
[White "Udet, Fabian"]
[Black "Ziems, Michael"]
[Result "1-0"]
[WhiteElo "1680"]
[BlackElo "1816"]
[PlyCount "107"]
[EventDate "2017.??.??"]
[WhiteTeam "1. SC Anhalt"]
[BlackTeam "SV Empor Berlin"]

1. e4 e6 2. d4 d5 3. Nc3 Nf6 4. e5 Nfd7 5. f4 c5 6. Nf3 Nc6 7. Be3 Be7 8. Qd2
f5 9. Be2 a6 10. O-O b5 11. a3 O-O 12. Nd1 Bb7 13. c3 Na5 14. Qc2 Rc8 15. dxc5
Nc4 16. b4 Nxe3 17. Nxe3 Nxc5 18. Nd4 Ne4 19. Nd1 Qb6 20. Qd3 Rc7 21. Rf3 Rfc8
22. Rc1 Rc4 23. Qe3 R4c7 24. Kh1 g5 25. g3 g4 26. Rf1 Bf8 27. Kg2 h6 28. Rh1
Be7 29. h3 gxh3+ 30. Rxh3 Kh7 31. Kh2 Rg8 32. Nf2 Ng5 33. Rh5 Ne4 34. Nxe4 dxe4
35. Kg2 Rg6 36. Rch1 Bf8 37. Rg5 Rcg7 38. Rxg6 Rxg6 39. Bh5 Rg8 40. Bf7 Bd5 41.
Bxg8+ Kxg8 42. Nxf5 Qc6 43. Rxh6 Qc4 44. Rg6+ Kf7 45. Nh4 Be7 46. Rh6 Qa2+ 47.
Kh3 Qb1 48. Rh7+ Ke8 49. Rh8+ Kf7 50. Qe2 Qh1+ 51. Qh2 Qf1+ 52. Qg2 Qd3 53.
Rh7+ Ke8 54. Ng6 1-0

[Event "Lichtenberger Sommer 2017"]
[Site "Berlin"]
[Date "2017.08.27"]
[Round "9.66"]
[White "Stein, Siegfried"]
[Black "Oginski, Ulrich"]
[Result "1-0"]
[WhiteElo "1761"]
[BlackElo "1882"]
[PlyCount "39"]
[EventDate "2017.??.??"]
[WhiteTeam "SV Berolina Mitte"]
[BlackTeam "SC Weisse Dame (Berlin)"]

1. e4 c6 2. Nc3 d5 3. Nf3 Bg4 4. h3 Bxf3 5. Qxf3 e6 6. d4 Nf6 7. Bd2 dxe4 8.
Nxe4 Qxd4 9. Bd3 Nxe4 10. Bxe4 Qf6 11. Qb3 Qe7 12. O-O-O Na6 13. Bf3 O-O-O 14.
a3 g6 15. Be3 Kb8 16. Bxc6 Rxd1+ 17. Rxd1 Bg7 18. Rd7 Nc5 19. Bxc5 Qg5+ 20. Be3
1-0

[Event "Lichtenberger Sommer 2017"]
[Site "Berlin"]
[Date "2017.08.27"]
[Round "9.67"]
[White "Schröder, Justin"]
[Black "Schmidt, David"]
[Result "1/2-1/2"]
[WhiteElo "1647"]
[BlackElo "1917"]
[PlyCount "120"]
[EventDate "2017.??.??"]
[WhiteTeam "Leegebrucher SF"]
[BlackTeam "Empor Potsdam"]

1. e4 c5 2. Nf3 d6 3. d4 cxd4 4. Nxd4 Nf6 5. Nc3 g6 6. Be3 Nc6 7. f3 Bg7 8. Qd2
O-O 9. O-O-O Be6 10. Nxe6 fxe6 11. Bc4 Qc8 12. h4 Ne5 13. Bb3 Nc4 14. Bxc4 Qxc4
15. Qd3 Rfc8 16. g4 Nd7 17. Bd4 Qxd4 18. Qxd4 Bxd4 19. Rxd4 Ne5 20. f4 Nxg4 21.
Rg1 Nf6 22. e5 Ne8 23. exd6 exd6 24. Re1 Kf7 25. Ne4 h6 26. Nxd6+ Nxd6 27. Rxd6
Re8 28. Re5 Rad8 29. Rd2 Kf6 30. c4 g5 31. hxg5+ hxg5 32. Rxg5 Rxd2 33. Kxd2
Rh8 34. Ke3 Rh2 35. Rb5 b6 36. a4 Rc2 37. Kd3 Rf2 38. b4 Rxf4 39. a5 Rf3+ 40.
Ke4 Rc3 41. Kd4 Rc1 42. axb6 axb6 43. Rxb6 Ke7 44. c5 Rd1+ 45. Kc4 e5 46. Rh6
e4 47. b5 e3 48. Rh2 Rd2 49. Rh3 e2 50. Re3+ Kd8 51. Kc3 Rd5 52. Rxe2 Rxc5+ 53.
Kb4 Rc1 54. Re6 Kc8 55. Ka5 Kb8 56. Kb6 Rc8 57. Re7 Rh8 58. Ka6 Rg8 59. b6 Rh8
60. Rb7+ Ka8 1/2-1/2

[Event "Lichtenberger Sommer 2017"]
[Site "Berlin"]
[Date "2017.08.27"]
[Round "9.68"]
[White "Kreuchauf, Olaf"]
[Black "Lehmkuhl, Stefan"]
[Result "0-1"]
[WhiteElo "1691"]
[BlackElo "1873"]
[PlyCount "96"]
[EventDate "2017.??.??"]
[WhiteTeam "SC Eintracht Berlin"]
[BlackTeam "Breloher SC"]

1. g3 c5 2. c4 Nc6 3. Bg2 Nf6 4. Nc3 e6 5. Nf3 Be7 6. O-O O-O 7. d4 cxd4 8.
Nxd4 a6 9. b3 Qb6 10. Nc2 d6 11. Bb2 Ne5 12. h3 Bd7 13. Kh2 Nxc4 14. Bc1 Ne5
15. f4 Ng6 16. e4 Rac8 17. Ne2 Bc6 18. Nc3 Rfd8 19. Nd4 Be8 20. Bb2 e5 21. Nf5
Bf8 22. Qe1 Ne7 23. fxe5 dxe5 24. Nd1 Ng6 25. Nde3 Bb5 26. Rf2 Bd3 27. Qh1 Bc5
28. Re1 Qe6 29. Rd1 Qb6 30. Re1 Re8 31. Rd2 Bb5 32. a3 a5 33. Nd5 Nxd5 34. exd5
Bd7 35. Be4 Qxb3 36. Rb1 Bxf5 37. Bxf5 Qe3 38. Rc2 Rc7 39. Bc1 Qd4 40. Rd2 Qe3
41. d6 Bxd6 42. Rxd6 Qf2+ 43. Qg2 Qxf5 44. Rdb6 h6 45. Bd2 e4 46. R1b2 Ne5 47.
Bf4 Nf3+ 48. Kh1 Qxf4 0-1

[Event "Lichtenberger Sommer 2017"]
[Site "Berlin"]
[Date "2017.08.27"]
[Round "9.69"]
[White "Junge, Wolfgang"]
[Black "Dittrich, Hans-Georg"]
[Result "1/2-1/2"]
[WhiteElo "1853"]
[BlackElo "1742"]
[PlyCount "93"]
[EventDate "2017.??.??"]
[WhiteTeam "SC Friesen Lichtenberg"]
[BlackTeam "SG Stadtilm"]

1. d4 d5 2. c4 c6 3. Nf3 Nf6 4. Nc3 e6 5. e3 Nbd7 6. Qc2 Qc7 7. Bd3 dxc4 8.
Bxc4 b5 9. Be2 Bb7 10. Nxb5 Qb6 11. Nc3 Rc8 12. Bd2 Be7 13. Na4 Qc7 14. Nc5 O-O
15. Nxb7 Qxb7 16. Rc1 c5 17. dxc5 Nxc5 18. Qb1 Nce4 19. O-O Nxd2 20. Nxd2 Rxc1
21. Rxc1 Rb8 22. b3 Ba3 23. Rc4 Rd8 24. Qc2 Bb4 25. Nf3 Nd5 26. Nd4 Bd6 27. Bf3
Qa6 28. Bxd5 exd5 29. Rc6 Qa5 30. g3 Be5 31. Nf3 Bf6 32. Rc8 g6 33. Rxd8+ Qxd8
34. Qc5 Qd7 35. Nd4 h5 36. Qc6 Qd8 37. Nb5 d4 38. exd4 Bxd4 39. Qd6 Qxd6 40.
Nxd6 Kf8 41. h3 Ke7 42. Nc4 Ke6 43. Kf1 g5 44. f3 f5 45. Ke2 Bc5 46. g4 hxg4
47. hxg4 1/2-1/2

[Event "Lichtenberger Sommer 2017"]
[Site "Berlin"]
[Date "2017.08.27"]
[Round "9.70"]
[White "Timm, Christian"]
[Black "Matitschka, Johannes"]
[Result "0-1"]
[WhiteElo "1605"]
[BlackElo "1780"]
[PlyCount "52"]
[EventDate "2017.??.??"]
[WhiteTeam "SV Königsspringer"]
[BlackTeam "TSG Oberschöneweide"]

1. e4 c5 2. c3 d6 3. d4 cxd4 4. cxd4 g6 5. Nc3 Bg7 6. Bc4 Nc6 7. Nf3 Nf6 8. Ng5
e6 9. d5 exd5 10. exd5 Ne5 11. Qe2 O-O 12. O-O Bg4 13. f3 Nxc4 14. fxg4 Qb6+
15. Kh1 Rac8 16. b3 Rfe8 17. Qf3 Ne5 18. Qh3 Nexg4 19. Qg3 Nf2+ 20. Qxf2 Qxf2
21. Bb2 Qxb2 22. Nb5 Re2 23. Nf3 Nxd5 24. Nxd6 Rcc2 25. Nc4 Qxa1 26. Rxa1 Bxa1
0-1

[Event "Lichtenberger Sommer 2017"]
[Site "Berlin"]
[Date "2017.08.27"]
[Round "9.71"]
[White "Ritter, Uwe"]
[Black "Schneider, Eckehard"]
[Result "0-1"]
[WhiteElo "1953"]
[BlackElo "1792"]
[PlyCount "48"]
[EventDate "2017.??.??"]
[WhiteTeam "Reideburger SV"]
[BlackTeam "SF 1903 Berlin"]

1. f4 d5 2. Nf3 g6 3. e3 Bg7 4. d4 Nf6 5. Bd3 Ne4 6. Nbd2 f5 7. O-O O-O 8. c4
e6 9. b3 Nd7 10. Ba3 c5 11. Ne5 Qa5 12. Bxe4 Qxa3 13. Bf3 cxd4 14. exd4 Qb2 15.
cxd5 Qxd4+ 16. Kh1 Nxe5 17. fxe5 exd5 18. Qc2 Be6 19. Rad1 Qxe5 20. Rfe1 Qf6
21. Nf1 Rfd8 22. Qc5 b6 23. Qc6 Bf7 24. Bxd5 Bxd5 0-1

[Event "Lichtenberger Sommer 2017"]
[Site "Berlin"]
[Date "2017.08.27"]
[Round "9.72"]
[White "Matthes, Benjamin"]
[Black "Prix, Siegfried"]
[Result "1-0"]
[WhiteElo "1879"]
[BlackElo "1746"]
[PlyCount "47"]
[EventDate "2017.??.??"]
[WhiteTeam "SC Oranienburg"]
[BlackTeam "SF 1903 Berlin"]

1. e4 e5 2. Nf3 Nc6 3. d4 exd4 4. Nxd4 Nf6 5. Nxc6 bxc6 6. Bd3 d5 7. exd5 cxd5
8. O-O Bb4 9. a3 Bd6 10. Re1+ Be6 11. Bb5+ Kf8 12. Bg5 Bxh2+ 13. Kxh2 Ng4+ 14.
Qxg4 Bxg4 15. Bxd8 Rxd8 16. Nc3 g6 17. Re5 Be6 18. Rd1 Kg7 19. Nxd5 Rd6 20. Nc3
Rhd8 21. Rxd6 Rxd6 22. Bd3 c6 23. Na4 h5 24. Ra5 1-0

[Event "Lichtenberger Sommer 2017"]
[Site "Berlin"]
[Date "2017.08.27"]
[Round "9.73"]
[White "Regel, Michael"]
[Black "Bartoszewski-Reiski, Olaf"]
[Result "0-1"]
[WhiteElo "1582"]
[BlackElo "1740"]
[PlyCount "80"]
[EventDate "2017.??.??"]
[WhiteTeam "SC Friesen Lichtenberg"]
[BlackTeam "Korona Gdansk"]

1. e4 c5 2. c3 Nf6 3. e5 Nd5 4. d4 cxd4 5. Nf3 Nc6 6. cxd4 d6 7. exd6 e6 8. Nc3
Bxd6 9. Nxd5 exd5 10. Be2 O-O 11. O-O Bf5 12. a3 Qb6 13. b4 a5 14. b5 Ne7 15.
Be3 Rfc8 16. Ne5 Bc2 17. Qd2 Nf5 18. Bd3 Bxe5 19. dxe5 Nxe3 20. fxe3 Bxd3 21.
Qxd3 Qe6 22. Qf5 Rc3 23. Qxe6 fxe6 24. Rf3 Rac8 25. Kf2 a4 26. Rf4 R3c4 27.
Rxc4 dxc4 28. Rc1 Rc5 29. Rc3 Rxb5 30. Rxc4 Rb2+ 31. Kf3 b5 32. Rc7 Rb3 33. Rb7
Rxa3 34. Rxb5 Kf7 35. Rb7+ Kg6 36. Re7 Ra1 37. Rxe6+ Kf5 38. Re7 a3 39. Rxg7 a2
40. Ra7 Rf1+ 0-1

[Event "Lichtenberger Sommer 2017"]
[Site "Berlin"]
[Date "2017.08.27"]
[Round "9.74"]
[White "Mayer, Herbert"]
[Black "Kujawa, Werner"]
[Result "1-0"]
[WhiteElo "1867"]
[BlackElo "1756"]
[PlyCount "109"]
[EventDate "2017.??.??"]
[WhiteTeam "SC Rochade (Berlin)"]
[BlackTeam "SV Motor Wildau"]

1. c4 Nf6 2. Nc3 g6 3. g3 Bg7 4. Bg2 c5 5. Nf3 Nc6 6. O-O O-O 7. a3 d6 8. d3
Bg4 9. Re1 a6 10. Rb1 Rb8 11. b4 cxb4 12. axb4 b5 13. Nd2 Qd7 14. cxb5 axb5 15.
Nde4 Nxe4 16. Nxe4 Bh3 17. Bh1 Qc7 18. Bb2 Rfc8 19. Ng5 Bd7 20. Qb3 Be8 21.
Rec1 Qb6 22. Bxg7 Kxg7 23. e3 Ne5 24. d4 Nc4 25. Qd3 Bc6 26. d5 Bd7 27. Bg2 Ra8
28. Rc3 h6 29. Nh3 Bf5 30. e4 Bd7 31. Nf4 Ra2 32. Rc2 Rxc2 33. Qxc2 Na3 34.
Qb2+ f6 35. Qxa3 Rc2 36. Qf3 Qd4 37. Ne6+ Bxe6 38. dxe6 Qc4 39. Bf1 Qa2 40. Rd1
Qa4 41. Qd3 Qa2 42. Qd4 Qxe6 43. Bxb5 Qg4 44. Bf1 Qf3 45. Rd3 Qh5 46. Rc3 Rb2
47. Rc7 Qe5 48. Rxe7+ Qxe7 49. Qxb2 Qxe4 50. b5 Qe8 51. b6 Qb8 52. Qb5 Kf8 53.
b7 Ke7 54. Qc6 Kd8 55. Bb5 1-0

[Event "Lichtenberger Sommer 2017"]
[Site "Berlin"]
[Date "2017.08.27"]
[Round "9.75"]
[White "Bandsom, Olaf"]
[Black "Bastian, Reinhard"]
[Result "1/2-1/2"]
[WhiteElo "1827"]
[BlackElo "1675"]
[PlyCount "109"]
[EventDate "2017.??.??"]
[WhiteTeam "SC Friesen Lichtenberg"]
[BlackTeam "vereinslos"]

1. e4 e6 2. d4 d5 3. Nc3 Bb4 4. e5 Qd7 5. Bd2 b6 6. a3 Bxc3 7. bxc3 Ba6 8. Bd3
Bxd3 9. cxd3 Nc6 10. Qg4 f5 11. exf6 Nxf6 12. Qe2 O-O 13. Nf3 Qf7 14. O-O Rae8
15. Ne5 Nxe5 16. dxe5 Nd7 17. d4 c5 18. Rab1 c4 19. Qg4 Nb8 20. Bc1 Qf5 21.
Qxf5 Rxf5 22. f4 Nc6 23. g4 Rf7 24. f5 Na5 25. Rf2 Nb3 26. Bg5 b5 27. f6 h6 28.
Be3 Ref8 29. Rbf1 a5 30. g5 hxg5 31. Bxg5 Ra8 32. h4 b4 33. cxb4 axb4 34. axb4
Nxd4 35. h5 Ra3 36. Kg2 Nf5 37. Kh2 Rb3 38. Rxf5 exf5 39. e6 Rxf6 40. Bxf6 gxf6
41. Rxf5 Rxb4 42. Rxd5 Kf8 43. h6 Rb8 44. Rd7 Rb5 45. Rf7+ Ke8 46. h7 Rh5+ 47.
Kg3 c3 48. Rc7 c2 49. Rxc2 Rxh7 50. Rc8+ Ke7 51. Rc7+ Kxe6 52. Rxh7 Kf5 53. Ra7
Kg5 54. Kf3 Kf5 55. Ra5+ 1/2-1/2